000 00696nam a2200289Ia 4500
005 20260324120934.0
008 008 260324s9999 xx 000 0 eng d
020 _a9780203521960
037 _aEBOOK
040 _aCRL
040 _beng
040 _cCRL
041 _2eng
041 _aeng
084 _qCRL
100 _aSuryia Nayak
_91160560
245 0 _aRace, Gender and the Activism of Black Feminist Theory
245 0 _bWorking with Audre Lorde
260 _bTaylor and Francis
260 _c2014
365 _a
365 _b230
856 _uhttp://www.taylorfrancis.com/books/9780203521960
942 _cEBOOK
999 _c1752360
_d1752360